Zlato ako "bezpečný prístav" pre investorov
Funkcie zlata v súčasnosti. Vývoj ceny zlata. Ponuka na trhu zlata. Zlaté rezervy vo svete. Možnosti investovania do zlata. Prognózy zlata ako investičného nástroja.
Enregistré dans:
| Auteur principal: | |
|---|---|
| Autres auteurs: | |
| Format: | Chapitre de livre |
| Langue: | slovaque |
| Sujets: | |
| Tags: |
Pas de tags, Soyez le premier à ajouter un tag!
|
MARC
| LEADER | 00000naa a2200000 4500 | ||
|---|---|---|---|
| 001 | 0124909 | ||
| 005 | 20240502072422.6 | ||
| 041 | 0 | |a slo | |
| 044 | |a SK | ||
| 245 | 1 | 0 | |a Zlato ako "bezpečný prístav" pre investorov |c Božena Chovancová, Peter Árendáš |
| 520 | |a Funkcie zlata v súčasnosti. Vývoj ceny zlata. Ponuka na trhu zlata. Zlaté rezervy vo svete. Možnosti investovania do zlata. Prognózy zlata ako investičného nástroja. | ||
| 610 | 2 | 0 | |a investovanie |
| 610 | 2 | 0 | |a zlato |
| 610 | 2 | 0 | |a trh finančný |
| 610 | 2 | 0 | |a cena zlata |
| 610 | 2 | 0 | |a politika menová |
| 610 | 2 | 0 | |a nástroje investičné |
| 100 | 1 | |a Chovancová, Božena | |
| 700 | 1 | |a Árendáš, Peter, 1986- | |